LEADER 01483nam--2200397---450- 001 990000435040203316 005 20100830103236.0 035 $a0043504 035 $aUSA010043504 035 $a(ALEPH)000043504USA01 035 $a0043504 100 $a20010509d1993----km-y0itay0103----ba 101 $aita 102 $aIT 105 $a||||||||001yy 200 1 $aForme di governo e partiti politici$eriflesisoni sull'evoluzione della dottrina costituzionalistica italiana$fSalvatore Bonfiglio$gpresentazione di Mario Galizia 210 $aMilano$cGiuffrè$d1993 215 $aXXiX, 202 p.$d24 cm 225 2 $aPubblicazioni$fdel Dipartimento di teoria dello stato dell'Università degli studi di Roma "La Sapienza"$v2 410 $12001$aPubblicazioni$idel Dipartimento di teoria dello stato dell'Università degli studi di Roma "La Sapienza"$v2 461 1$1001-------$12001 606 0 $aGoverno e partiti$yItalia$xStoria 676 $a320.854 700 1$aBONFIGLIO,$bSalvatore$0232570 702 1$aGALIZIA,$bMario 801 0$aIT$bsalbc$gISBD 912 $a990000435040203316 951 $aXXIV.2. Coll. 1/ 2 (X 20 LXX 2)$b1984 G.$cXXIV.2. Coll. 1/ 2 (X 20)$d00288095 959 $aBK 969 $aGIU 979 $aPATTY$b90$c20010509$lUSA01$h1140 979 $c20020403$lUSA01$h1651 979 $aPATRY$b90$c20040406$lUSA01$h1630 979 $aRSIAV4$b90$c20100830$lUSA01$h1032 996 $aForme di governo e partiti politici$9633763 997 $aUNISA LEADER 02872oam 2200673I 450 001 9910450923003321 005 20200520144314.0 010 $a1-315-22077-6 010 $a1-62870-647-3 010 $a1-280-19517-7 010 $a9786610195176 010 $a0-203-99738-7 024 7 $a10.1201/9781420030907 035 $a(CKB)1000000000251919 035 $a(EBL)243239 035 $a(OCoLC)191036804 035 $a(SSID)ssj0000202412 035 $a(PQKBManifestationID)11166842 035 $a(PQKBTitleCode)TC0000202412 035 $a(PQKBWorkID)10252211 035 $a(PQKB)11421386 035 $a(MiAaPQ)EBC243239 035 $a(Au-PeEL)EBL243239 035 $a(CaPaEBR)ebr10162244 035 $a(CaONFJC)MIL19517 035 $a(OCoLC)935228262 035 $a(OCoLC)1000433832 035 $a(EXLCZ)991000000000251919 100 $a20180331d2005 uy 0 101 0 $aeng 135 $aur|n|---||||| 181 $ctxt 182 $cc 183 $acr 200 10$aMicrooptics technology /$fNicholas F. Borrelli 205 $a2nd ed. 210 1$aNew York :$cMarcel Dekker,$d2005. 215 $a1 online resource (543 p.) 225 1 $aOptical engineering ; v. 93 300 $aDescription based upon print version of record. 311 $a1-4200-3090-6 311 $a0-8247-5921-4 320 $aIncludes bibliographical references and index. 327 $aBook Cover; Title; Copyright; Dedication; Preface to Second Edition; Contents; 1 Introduction; 2 Refractive Elements; 3 Gradient Index; 4 Diffractive Element Lenses; 5 Erect One-to-One Imaging; 6 Two-Dimensional Arrays; 7 Gratings; 8 Optical Isolators; 9 Photonic Crystals; 10 Femtosecond-Laser Interaction in Glasses; 11 Negative Refractive Index Materials; Index 330 $aIt has been five years since the publication of the first edition of Microoptics Technology. In that time, optical technology has experienced an unparalleled burst of activity that has produced a body of significant real results that have advanced new materials, devices, and systems. Building on the foundation of the first edition, this comprehensive reference presents an introduction and review of the optics and methods of microoptic elements with particular emphasis on lenses and lens arrays.The author explores advances that emerged from the flurry of activity over the last five year 410 0$aOptical engineering (Marcel Dekker, Inc.) ;$vv. 93. 606 $aLenses$xDesign and construction 606 $aOptics 608 $aElectronic books. 615 0$aLenses$xDesign and construction. 615 0$aOptics. 676 $a621.36 700 $aBorrelli$b Nicholas F.$f1936,$0874977 801 0$bFlBoTFG 801 1$bFlBoTFG 906 $aBOOK 912 $a9910450923003321 996 $aMicrooptics technology$91953329 997 $aUNINA